000 00512nam a22001817a 4500
005 20170720150652.0
010 _aENG-119302
020 _a9789385755026
_c399.00
035 _aEN-102834
037 _bDBAD/PUB
082 0 0 _aN
100 _aShrestha,Chetan Raj
245 1 4 _aThe light of his clan /
_cby Chetan Raj Shrestha
260 _aNew Delhi
_bSpeaking Tiger Publishing
_c2016
270 _a4381/4,Ansari Road,Daryaganj
_bNew Delhi
_e110002
300 _a267p.
_c22cm.(pbk)
942 _2ddc
_cEN
_hN
_mSHR
999 _c142732
_d142732